Drunk driving defense / (Record no. 3760)
[ view plain ]
| 000 -LEADER | |
|---|---|
| fixed length control field | 00689nam a2200229 a 4500 |
| 001 - CONTROL NUMBER | |
| control field | 3760 |
| 003 - CONTROL NUMBER IDENTIFIER | |
| rucl marc code | BD-RjUL |
| 005 - DATE AND TIME OF LATEST TRANSACTION | |
| control field | 20211208233759.0 |
| 008 - FIXED-LENGTH DATA ELEMENTS--GENERAL INFORMATION | |
| fixed length control field | 160728s1981 mau b 00110 eng d |
| 035 ## - SYSTEM CONTROL NUMBER | |
| System control number | (BD-RjUL)3794 |
| 040 ## - CATALOGING SOURCE | |
| Transcribing agency | uu-L |
| Modifying agency | NBuU-L |
| -- | MBU-L |
| Original cataloging agency | BD-RjUL |
| Language of cataloging | eng |
| 041 ## - LANGUAGE CODE | |
| Language code of text/sound track or separate title | eng |
| 082 00 - DEWEY DECIMAL CLASSIFICATION NUMBER | |
| Edition number | 23 |
| Classification number | 345.730247 |
| Author mark and year | TAD 1981 |
| 100 1# - MAIN ENTRY--PERSONAL NAME | |
| Personal name | Taylor, Lawrence E., |
| Dates associated with a name | 1942- |
| 9 (RLIN) | 11952 |
| 245 10 - TITLE STATEMENT | |
| Title | Drunk driving defense / |
| Remainder of title | Lawrence E. Taylor. |
| 260 ## - PUBLICATION, DISTRIBUTION, ETC. (IMPRINT) | |
| Place of publication, distribution, etc. | Boston : |
| Name of publisher, distributor, etc. | Little, Brown, |
| Date of publication, distribution, etc. | c1981. |
| 300 ## - PHYSICAL DESCRIPTION | |
| Pagination | xxii,453 p. ; |
| Size | 24 cm. |
| 500 ## - GENERAL NOTE | |
| General note | Includes index. |
| 650 #0 - SUBJECT ADDED ENTRY--TOPICAL TERM | |
| Topical term or geographic name as entry element | Drunk driving |
| Geographic subdivision | United States. |
| 9 (RLIN) | 11953 |
| Topical term or geographic name as entry element | Defense (Criminal procedure) |
| Geographic subdivision | United States. |
| 9 (RLIN) | 11954 |
| 942 ## - ADDED ENTRY ELEMENTS (KOHA) | |
| Source of classification or shelving scheme | Dewey Decimal Classification |
| Koha item type | Books |
| Lost status | Source of classification or shelving scheme | Damaged status | Not for loan | Collection code | Permanent Location | Current Location | Shelving location | Date acquired | Source of acquisition | Total Checkouts | Full call number | Date last seen | Copy number | Koha item type |
|---|---|---|---|---|---|---|---|---|---|---|---|---|---|---|
| Dewey Decimal Classification | Non-fiction | Central Library, University of Rajshahi | Central Library, University of Rajshahi | 19/11/1987 | Asia Foundation | 345.730247 TAD 1981 | 21/12/2013 | C-2 | Books | |||||
| Dewey Decimal Classification | Non-fiction | Central Library, University of Rajshahi | Central Library, University of Rajshahi | 19/11/1987 | Gift | 345.730247 TAD 1981 | 28/07/2016 | C-3 | Books |